<?xml version="1.0" encoding="UTF-8"?>
<collection xmlns="http://www.loc.gov/MARC21/slim">
 <record>
  <leader>02148nam a22002895a 4500</leader>
  <controlfield tag="001">EUN.eunm007974</controlfield>
  <controlfield tag="008">190816s2015####ag#e##########000#0#spa#d</controlfield>
  <controlfield tag="005">20191205111920.0</controlfield>
  <datafield tag="245" ind1="1" ind2="0">
   <subfield code="a">Arroyo Napostá Grande y cuenca alta arroyo Napostá Chico :</subfield>
   <subfield code="b">atlas /</subfield>
   <subfield code="c">autor: Fernando D. Belleggia.</subfield>
  </datafield>
  <datafield tag="260" ind1=" " ind2=" ">
   <subfield code="c">2015.</subfield>
  </datafield>
  <datafield tag="300" ind1=" " ind2=" ">
   <subfield code="a">[19] h. :</subfield>
   <subfield code="b">planos ;</subfield>
   <subfield code="c">43 cm.</subfield>
  </datafield>
  <datafield tag="500" ind1=" " ind2=" ">
   <subfield code="a">&quot;Gestión integral de los recursos hídricos superficiales de las cuencas vinculadas a la provisión de agua a la ciudad de Bahía Blanca y zona adyacente. Número: PGI 24/ZJ25. Director: Ing. Juan Carlos Schefer&quot;--Port.</subfield>
  </datafield>
  <datafield tag="500" ind1=" " ind2=" ">
   <subfield code="a">&quot;Universidad Nacional del Sur, Departamento de Ingeniería&quot;--Port.</subfield>
  </datafield>
  <datafield tag="500" ind1=" " ind2=" ">
   <subfield code="a">&quot;El presente trabajo se desarrolló bajo las pautas presentadas en el proyecto de investigación &quot;Gestión Integral de los Recursos Hídricos Superficiales de las Cuencas Vinculadas a la Provisión de Agua a la Ciudad de Bahía Blanca y Zona Adyacente (24/ZJ25)&quot; con la dirección del Ing. Juan C. Schefer&quot;--Introd.</subfield>
  </datafield>
  <datafield tag="505" ind1="0" ind2=" ">
   <subfield code="a">Introducción -- 01. Croquis de ubicación arroyo Napostá Grande -- 02. Croquis de ubicación arroyo Napostá Chico -- 03. Nombre de cartas IGN -- 04. Imagen cartas IGN -- 05. Plano general -- 06. Plano general con imágenes cartas IGN -- 07. Imágenes satelital -- 08. Hidrográfico -- 09. Cuenca y subcuencas Napostá Grande -- 10. Cuenca y subcuenca Napostá Chico -- 11. Ferro-carretero -- 12. Orografía y curvas de nivel -- 13. Vial y oro-hidrográfico -- 14. Obras propuestas -- 15. Muestreos de calidad y tomas de agua -- 16. Catastral parcelario.</subfield>
  </datafield>
  <datafield tag="100" ind1="1" ind2=" ">
   <subfield code="a">Belleggia, Fernando Darío.</subfield>
  </datafield>
  <datafield tag="700" ind1="1" ind2=" ">
   <subfield code="a">Schefer, Juan Carlos.</subfield>
   <subfield code="4">oth</subfield>
  </datafield>
  <datafield tag="246" ind1="3" ind2=" ">
   <subfield code="a">Atlas arroyo Napostá Grande y cuenca alta arroyo Napostá Chico</subfield>
  </datafield>
  <datafield tag="082" ind1="0" ind2="4">
   <subfield code="a">627.1</subfield>
   <subfield code="2">15</subfield>
  </datafield>
  <datafield tag="082" ind1="0" ind2="4">
   <subfield code="a">628.1</subfield>
   <subfield code="2">15</subfield>
  </datafield>
  <datafield tag="650" ind1=" " ind2="7">
   <subfield code="a">Ingeniería hidráulica.</subfield>
   <subfield code="2">unbist</subfield>
  </datafield>
  <datafield tag="650" ind1=" " ind2="7">
   <subfield code="a">Recursos hídricos.</subfield>
   <subfield code="2">unbist</subfield>
  </datafield>
  <datafield tag="650" ind1=" " ind2="7">
   <subfield code="a">Abastecimiento de agua.</subfield>
   <subfield code="2">unbist</subfield>
  </datafield>
  <datafield tag="651" ind1=" " ind2="0">
   <subfield code="a">Bahía Blanca (Argentina)</subfield>
  </datafield>
  <datafield tag="653" ind1=" " ind2=" ">
   <subfield code="a">Arroyo Napostá Grande (Buenos Aires, Argentina)</subfield>
  </datafield>
  <datafield tag="653" ind1=" " ind2=" ">
   <subfield code="a">Arroyo Napostá Chico (Buenos Aires, Argentina)</subfield>
  </datafield>
  <datafield tag="859" ind1=" " ind2=" ">
   <subfield code="a">AR-BaUNS</subfield>
   <subfield code="b">BIB. CENTRAL - Tesoro</subfield>
   <subfield code="h">627.1</subfield>
   <subfield code="i">B415</subfield>
   <subfield code="p">127216/019</subfield>
  </datafield>
 </record>
</collection>
